Universal-Register zu Okens allgemeiner Naturgeschichte

Bibliographic Details
Main Author: Oken, Lorenz, 1779-1851 (Author)
Corporate Author: Hoffmann'sche Verlags-Buchhandlung (Stuttgart, Nemecko) (Printer)
Format: Book
Language:German
PhysicalDescription:468 s. 21 cm
Published: Stuttgart Hoffman'sche Verlags-Buchhandlung 1842
Subjects:

MARC

LEADER 00000nam a2200000 a 4500
001 vtls011543518
003 SK-MaSNL
005 20260301040730.0
008 251112s1842 gw 001 0 ger
015 |a SNBHFA1842 
020 |q (viaz.) 
035 |a 2B3A495A-CE86-4915-BB2E-1A3AA2705324 
035 |a urn:nbn:sk:snk-amtft2 
035 |a urn:nbn:sk:snk-am00calh 
040 |a SNKHF  |b slo  |c SNK  |e AACR2 
041 0 |a ger 
044 |a gw  |c DE 
072 7 |a 5  |x Prírodné vedy. Matematické vedy  |2 konspekt 
080 |a 5  |2 2011 
080 |a (031)  |2 2011 
080 |a (083.86)  |2 2011 
100 1 |a Oken, Lorenz,  |d 1779-1851  |4 aut  |9 167968 
245 1 0 |a Universal-Register zu Okens allgemeiner Naturgeschichte 
246 3 8 |a Oken's Naturgeschichte 
260 |a Stuttgart  |b Hoffman'sche Verlags-Buchhandlung  |c 1842 
300 |a 468 s.  |c 21 cm 
500 |a Živé záhlavie 
504 |a Menný register k všetkým dielom Allgemeine Naturgeschichte für alle Stände 
561 |a Okrúhla pečiatka: Museálna Slovenská spoločnosť.  |5 SNK IC 96580 
561 |a Na prvom liste rukopisný nápis: Millibald Kachelmann.  |5 SNK IC 96580 
561 |a Na predsádke rukopisný nápis: č. 86 VIII. 14. Šembery-Kmeť.  |5 SNK IC 96580 
650 0 7 |a prírodné vedy  |2 SNKPH  |9 694 
655 7 |a encyklopédie  |2 SNKPH  |9 28776 
655 7 |a registre  |2 2011  |9 70556 
700 1 |a Kmeť, Andrej,  |d 1841-1908  |4 fmo  |9 191981 
710 2 |a Hoffmann'sche Verlags-Buchhandlung (Stuttgart, Nemecko)  |4 prt  |4 pbl  |9 266866 
752 |a Nemecko  |d Stuttgart 
852 |a snk  |b Historické fondy  |p IC 96580 
958 |a ONDV 
999 |c 586751  |d 588681 
952 |t Kme X/2n  |a SNK  |b SNK  |c SNK_HF  |y PREZ  |7 0  |p 17A1128606  |o snkIC 96580  |i snk2016/8744  |8 5  |0 0  |1 0  |4 0  |d 2016-04-05  |f 1  |l 0  |r 2026-02-23 15:12:05  |w 2026-02-23